000 02119cam a22005054i 4500
003 PE-LiUPU
005 20250731184554.0
008 150625s r 000 0 d
020 _a997227527004
035 _a(Sirsi) i997227527004
040 _aPE-LiUPU
_bspa
_cPE-LiUPU
_erda
049 _aPRUA
082 0 4 _a909
_bS18
_221
110 2 _aSalvat Editores
245 1 3 _aEl siglo XIX en Europa y Norteamérica.
_n17 /
_cSalvat Editores.
264 1 _aLima :
_bSalvat Editores,
_c2005.
300 _a424 páginas :
_bilustraciones, fotos, mapas, diagrs ;
_c22 centímetros
336 _atext
_2rdacontent
337 _aunmediated
_2rdamedia
338 _avolume
_2rdacarrier
490 0 _aHistoria Universal ;
_v17
504 _aIncluye reefeerencias bibliográficas al final de cada artículo.
505 0 _aEl socialismo romántico. -Cominezos del Industrialismo moderno. La máquina de vapory los ferrocarriles. -Segundo Imperio napoleónico. Primeros tratados de comercio. -La revolución industrial y la apaarición del gran capitalismo "Resurgimiento" y unidad italiana. - Formación de la moderna Alemania. Bismarck. - Creación del imperio británico. -La ciencia romántica. -Posiitivismo y ciencia experimental. -Desarrollo y consolidación de los Estados Unidos.
526 _aP136
526 _aP135
526 _aP134
526 _aP133
526 _aP144
526 _aP143
526 _aP87
526 _aP35
526 _aP20
526 _aP14
526 _aP10
526 _aP06
651 _aEstados Unidos
_xHistoria
_ySiglo XIX.
651 _aEuropa
_xHistoria
_ySiglo XIX
910 _baj
_ceq-sm
_d20050829
942 _2ddc
_cBOOK
949 _a909 S18 17
_wDEWEY
_c1
_i55693
_lCCODEBUL1
_mBUL
_p6.00
_r0
_sY
_tBOOK
_u2015-6-25
_xEDUCACION
_zUNKNOWN
_0COMPRA
_o.STAFF. Colección General
994 _aC0
_bPEPRU
596 _a1
999 _a909 S18 17
_wDEWEY
_c44552
_i55693
_f2021-11-9
_g5
_lCCODEBUL1
_mBUL
_p6.00
_r0
_sY
_tBOOK
_u2015-6-25
_xEDUCACION
_zUNKNOWN
_0COMPRA
_o.STAFF. Colección General
_d44552
980 _81
_gALBERTO SANCHEZ Responsable de Automatización